Central Library OPAC University of Rajshahi

মধ্যকালীন ভারত / (Record no. 65412)

MARC details
000 -LEADER
fixed length control field 00900nam a2200265 a 4500
001 - CONTROL NUMBER
control field 65412
003 - CONTROL NUMBER IDENTIFIER
rucl marc code BD-RjUL
005 - DATE AND TIME OF LATEST TRANSACTION
control field 20211209081425.0
008 - FIXED-LENGTH DATA ELEMENTS--GENERAL INFORMATION
fixed length control field 170306s1990 bg |||| |||| 000 0 ben d
020 ## - INTERNATIONAL STANDARD BOOK NUMBER
International Standard Book Number 81-7074-064-9
035 ## - SYSTEM CONTROL NUMBER
System control number (BD-RjUL)65542
040 ## - CATALOGING SOURCE
Original cataloging agency BD-RjUL
Language of cataloging eng
Transcribing agency BD-RjUL
041 ## - LANGUAGE CODE
Language code of text/sound track or separate title eng
082 ## - DEWEY DECIMAL CLASSIFICATION NUMBER
Edition number 23
Classification number 954.025
Author mark and year MAD 1990
245 10 - TITLE STATEMENT
Title মধ্যকালীন ভারত /
Statement of responsibility, etc. সম্পাদক ইরফান হাবিব.
260 ## - PUBLICATION, DISTRIBUTION, ETC. (IMPRINT)
Place of publication, distribution, etc. কলকাতা :
Name of publisher, distributor, etc. কে পি বাগচি এন্ড কোং,
Date of publication, distribution, etc. ১৯৯০.
300 ## - PHYSICAL DESCRIPTION
Pagination প্রথম খন্ড.
Size ২২ সে. মি.
505 ## - FORMATTED CONTENTS NOTE
Formatted contents note প্রথম খন্ড
650 ## - SUBJECT ADDED ENTRY--TOPICAL TERM
Source of heading or term
651 ## - SUBJECT ADDED ENTRY--GEOGRAPHIC NAME
Geographic name India
Form subdivision History
Chronological subdivision 1526-1765.
9 (RLIN) 193589
Geographic name India
Form subdivision History.
9 (RLIN) 188918
Geographic name India.
9 (RLIN) 172809
700 ## - ADDED ENTRY--PERSONAL NAME
Personal name হাবিব, ইরফান.
942 ## - ADDED ENTRY ELEMENTS (KOHA)
Source of classification or shelving scheme Dewey Decimal Classification
Koha item type Books
Holdings
Lost status Source of classification or shelving scheme Damaged status Not for loan Collection code Permanent Location Current Location Shelving location Date acquired Source of acquisition Cost, normal purchase price Total Checkouts Full call number Date last seen Copy number Koha item type
  Dewey Decimal Classification   Not For Loan Non-fiction Central Library, University of Rajshahi Central Library, University of Rajshahi Reading Room 28/01/1997 Atul 60.00   B 954.025 MAD V-1 1990 06/03/2017 C-1 Books